Lingua
English
Deutsch
Español
Français
Italiano
日本語
Nederlands
Português
Português (Brasil)
中文(简体)
中文(繁體)
Türkçe
עברית
Gaeilge
Cymraeg
Ελληνικά
Català
Euskara
Русский
Čeština
Suomi
Svenska
polski
Dansk
slovenščina
اللغة العربية
বাংলা
Galego
Tiếng Việt
Hrvatski
हिंदी
Հայերէն
Українська
Tutti i Campi
Titolo
Autore
Soggetto
ISBN/ISSN
Tag
Identificatore
Cerca
Avanzata
Т. 46, № 8; Геология и геофизи...
Citazione
Invia SMS
Invia email
Stampa
Esporta il record
Esporta a RefWorks
Esporta a EndNoteWeb
Esporta a EndNote
PLink permanente
Esportazione completata correttamente —
Т. 46, № 8; Геология и геофизика
Dettagli Bibliografici
Parent link:
Геология и геофизика: научный журнал/ Российская академия наук (РАН), Сибирское отделение (СО). Т. 46, № 8.— , 1960-.— 0016-7886
Lingua:
russo
Pubblicazione:
2005
Natura:
MixedMaterials
Libro
KOHA link:
https://koha.lib.tpu.ru/cgi-bin/koha/opac-detail.pl?biblionumber=410007
Posseduto
Descrizione
Documenti analoghi
MARC21
MARC
LEADER
00000nam2a2200000 4500
001
410007
005
20231101071243.0
035
|a
(RuTPU)RU\TPU\prd\63888
035
|a
RU\TPU\prd\39469
090
|a
410007
100
|a
20090311a19609999k y0rusy50 ca
101
0
|a
rus
102
|a
RU
200
0
|a
Т. 46, № 8
210
|d
2005
461
1
|0
(RuTPU)RU\TPU\prd\1420
|x
0016-7886
|t
Геология и геофизика
|o
научный журнал
|f
Российская академия наук (РАН), Сибирское отделение (СО)
|v
Т. 46, № 8
|d
1960-
801
0
|a
RU
|b
63413507
|c
20010227
|g
PSBO
801
1
|a
RU
|b
63413507
|c
20051108
|g
PSBO
801
2
|a
RU
|b
63413507
|c
20201209
|g
PSBO
942
|c
BK
999
|a
НТБ_ТПУ
|b
НФ
|e
-1/20050104
|p
П-6249а
|s
2/20050405
|u
0,00
|v
1
Documenti analoghi
Т. 46, № 5; Геология и геофизика
Pubblicazione: (2005)
Т. 46, № 6; Геология и геофизика
Pubblicazione: (2005)
Т. 46, № 7; Геология и геофизика
Pubblicazione: (2005)
Т. 46, № 9; Геология и геофизика
Pubblicazione: (2005)
Т. 46, № 10; Геология и геофизика
Pubblicazione: (2005)